Cambridge Center : an evaluation of the redevelopment potential of Cambridge Center in the Kendall Square Urban Renewal Area for the Cambridge Redevelopment Authority, Cambridge Massachusetts, November 15-19, 1976 : a panel service report /

Bibliographic Details
Corporate Authors: Urban Land Institute, Cambridge (Mass.). Redevelopment Authority
Format: Book
Language:English
Published: Washington, D.C. : ULI, [1977]
Subjects:

MARC

Tag First Indicator Second Indicator Subfields
LEADER 00000cam a2200000 a 4500
001 in00000085937
005 20151008064351.0
008 770825s1977 dcua 00010 engm
010 |a  77151874  
035 |a (OCoLC)03271812 
035 |9 AAK4046AM 
040 |a DLC  |c DLC  |d m.c.  |d TXA  |d UtOrBLW 
043 |a n-us-ma 
049 |a TXAM  |c [1502403] 
050 0 0 |a HT177.C27  |b U7 1977 
082 0 |a 309.2/62/097444 
110 2 |a Urban Land Institute. 
245 1 0 |a Cambridge Center :  |b an evaluation of the redevelopment potential of Cambridge Center in the Kendall Square Urban Renewal Area for the Cambridge Redevelopment Authority, Cambridge Massachusetts, November 15-19, 1976 : a panel service report /  |c by ULI-the Urban Land Institute. 
264 1 |a Washington, D.C. :  |b ULI,  |c [1977] 
264 4 |c ©1977 
300 |a 42 pages :  |b illustrations ;  |c 28 cm. 
336 |a text  |b txt  |2 rdacontent 
337 |a unmediated  |b n  |2 rdamedia 
338 |a volume  |b nc  |2 rdacarrier 
650 0 |a Urban renewal  |z Massachusetts  |z Cambridge. 
710 1 |a Cambridge (Mass.).  |b Redevelopment Authority. 
999 |a MARS 
999 f f |s e62327f7-5911-3e33-9d81-d0b0180d65a8  |i 3dcafd88-0703-395d-a1ab-14a43ebda6b9  |t 0 
952 f f |p ric  |a Texas A&M University  |b Rellis Campus  |c Joint Library Facility  |d Remote Storage  |t 0  |e HT177.C27 U7 1977  |h Library of Congress classification  |i unmediated -- volume  |m A14806144752 
998 f f |a HT177.C27 U7 1977  |t 0  |l Remote Storage